Chansons Top 1 en France (2010-2019) - Statistiques

Statistiques générales
  • Ce quiz a été pris 789 fois
  • Le résultat moyen est 65 sur 136
Statistiques - réponses
Année Titre Artiste(s) % Correct
2010 Alors on danse Stromae
97%
2013 Papaoutai Stromae
97%
2013 Formidable Stromae
97%
2013 Tous les mêmes Stromae
97%
2010 Waka Waka (This Time for Africa) Shakira
94%
2011/2012 Je l'aime à mourir (La quiero a morir) Shakira
94%
2018 Shallow Lady Gaga & Bradley Cooper
93%
2011 Someone Like You Adele
92%
2012 Skyfall Adele
92%
2015 Hello Adele
92%
2019 I Don't Care Ed Sheeran & Justin Bieber
92%
2010 Bad Romance Lady Gaga
92%
2016 Perfect Illusion Lady Gaga
92%
2019 Always Remember Us This Way Lady Gaga
92%
2018 La Même Maître Gims & Vianney
91%
2018 Bella ciao Naestro & Maître Gims & Vitaa & Dadju & Slimane
91%
2013 Game Over Vitaa & Maître Gims
91%
2013 J'me tire Maître Gims
90%
2013 The Monster Eminem & Rihanna
89%
2011 Man Down Rihanna
89%
2012 Diamonds Rihanna
89%
2011 We Found Love Rihanna & Calvin Harris
89%
2016 Work Rihanna & Drake
89%
2014 Chandelier Sia
87%
2016 Cheap Thrills Sia & Sean Paul
87%
2014 Sur ma route Black M
84%
2016 Starboy The Weeknd & Daft Punk
83%
2017 I Feel It Coming The Weeknd & Daft Punk
83%
2019 Balance ton quoi Angèle
82%
2017 Shape of You Ed Sheeran
82%
2017 Perfect Ed Sheeran
82%
2016 Let Me Love You DJ Snake & Justin Bieber
77%
2011 Elle me dit Mika
77%
2016 24K Magic Bruno Mars
76%
2014 Uptown Funk Mark Ronson & Bruno Mars
76%
2010 Baby Justin Bieber & Ludacris
75%
2013 Get Lucky Daft Punk & Pharrell Williams
73%
2018 Ramenez la coupe à la maison Vegedream
72%
2012 Gangnam Style Psy
71%
2019/2020 Blinding Lights The Weeknd
69%
2019 Au DD PNL
68%
2019 Mowgli II PNL
68%
2011 Celui... Colonel Reyel
66%
2011 Toutes les nuits Colonel Reyel
66%
2010 Tik Tok Kesha
66%
2017 Despacito Luis Fonsi & Daddy Yankee
62%
2018 N'oublie pas Mylène Farmer & LP
62%
2015 Avenir Louane
60%
2017 Feels Calvin Harris & Pharrell Williams & Katy Perry & Big Sean
59%
2016 This One's for You David Guetta & Zara Larsson
55%
2011 Party Rock Anthem LMFAO
55%
2011 Sweat (Remix) Snoop Dogg & David Guetta
55%
2010 Gettin' Over You David Guetta & Chris Willis
54%
2019 Old Town Road Lil Nas X
52%
2011 On the Floor Jennifer Lopez & Pitbull
51%
2010 Oui mais... non Mylène Farmer
51%
2011 Bleu noir Mylène Farmer
51%
2011 Lonely Lisa Mylène Farmer
51%
2012 À l'ombre Mylène Farmer
51%
2016 City of Love Mylène Farmer
51%
2018 Rolling Stone Mylène Farmer
51%
2018 Libertine Mylène Farmer
51%
2019 Désobéissance Mylène Farmer
51%
2019 Des larmes Mylène Farmer
51%
2015 Stolen Car Mylène Farmer & Sting
51%
2013 Scream and Shout Will.i.am & Britney Spears
50%
2014 Dangerous David Guetta & Sam Martin
49%
2017 Mwaka Moon Kalash & Damso
49%
2016 Encore un soir Céline Dion
48%
2018 Girls Like You Maroon 5 & Cardi B
48%
2010 Mignon, Mignon René la Taupe
48%
2013 Wake Me Up! Avicii
47%
2016 Can't Stop the Feeling! Justin Timberlake
47%
2013 Happy Pharrell Williams
46%
2019 Señorita Shawn Mendes & Camila Cabello
46%
2016 Toujours debout Renaud
44%
2010 Dingue, dingue, dingue Christophe Maé
42%
2016 One Dance Drake & Wizkid & Kyla
41%
2015 Homeless Marina Kaye
41%
2012 Call Me Maybe Carly Rae Jepsen
40%
2017 Je te promets Johnny Hallyday
38%
2018 J'en parlerai au diable Johnny Hallyday
38%
2011 Price Tag Jessie J & B.o.B
36%
2015 Cheerleader (Remix) OMI
35%
2011 Just Can't Get Enough The Black Eyed Peas
35%
2010 Pour un infidèle Cœur de pirate & Julien Doré
34%
2013 Thrift Shop Macklemore
34%
2014 OKLM Booba
32%
2016 É.L.É.P.H.A.N.T. Booba
32%
2016 DKR Booba
32%
2019 Dance Monkey Tones and I
32%
2016 Faded Alan Walker & Iselin Solheim
31%
2012 Somebody That I Used to Know Gotye & Kimbra
31%
2015 Marvin Gaye Charlie Puth & Meghan Trainor
29%
2017 Runnin' (Lose It All) Naughty Boy & Beyoncé & Arrow Benjamin
29%
2012 Ai, Se eu te Pego Michel Teló
28%
2016 Le Lac Julien Doré
25%
2016 Come Jain
24%
2018 Alright Jain
24%
2016 Purple Rain Prince & The Revolution
24%
2016 Lost on You LP
23%
2015 Drag Me Down One Direction
23%
2015 Summer 2015 L.E.J
21%
2015 El perdón Nicky Jam & Enrique Iglesias
21%
2017 La vie est belle Indochine
20%
2018 Un été français Indochine
20%
2018 Station 13 Indochine
20%
2019 Karma Girls Indochine
20%
2013 Blurred Lines Robin Thicke
17%
2015 Stole the Show Kygo & Parson James
16%
2014 Stolen Dance Milky Chance
16%
2012 Tacata' Tacabro
12%
2012 Down The Road C2C
11%
2016 Space Oddity David Bowie
11%
2016 This Girl Kungs vs Cookin' on 3 Burners & Kylie Auldist
11%
2017 Katchi Ofenbach & Nick Waterhouse
11%
2016 Don't Be So Shy (Remix) Imany
10%
2010 Over the Rainbow Israel Kamakawiwoʻole
10%
2010 Allez ola olé Jessy Matador
9%
2014 Prayer in C (Remix) Lilly Wood and the Prick & Robin Schulz
9%
2012 Bara Bará Bere Berê Alex Ferrari
7%
2010 Debout pour danser Collectif Métissé
7%
2012 Balada Gusttavo Lima
6%
2016 Hallelujah Leonard Cohen
6%
2017 No Roots Alice Merton
5%
2018 Come and Get Your Love Redbone
5%
2018 Dimanche soir Grand Corps Malade
4%
2019 Music Sounds Better with You Stardust
4%
2018 Leave a Light On Tom Walker
4%
2013 Vandaag Bakermat
3%
2015 Goodbye Feder & Lyse
3%
2018 I Will Survive (La la la) Hermes House Band
3%
2016 Catch and Release (Remix) Matt Simons
3%
2013 Un arc-en-ciel Bénabar & Patrick Bruel
2%
2016 Heartbeat Richard Orlinski & Eva Simons
0%
2018 Truth or Dare Sena Kana
0%
Aucun quiz correspondant
Distribution des résultats
% des personnes avec chaque résultat
Percentile par nombre de réponses
Votre historique - résultats
Vous n’avez pas pris ce quiz